|
|
|
|
| LEADER |
00000cam a2200000 7i4500 |
| 001 |
0000001637 |
| 002 |
000001786 |
| 005 |
20000330.0 |
| 020 |
|
|
|a 9679767884
|
| 090 |
0 |
0 |
|a JF
|b SHA
|
| 100 |
0 |
|
|a Shamsudin Puteh
|
| 245 |
1 |
0 |
|a Peristiwa di air terjun
|c Shamsudin Puteh
|
| 260 |
|
|
|a Petaling Jaya :
|b Longman Malaysia Sdn.Bhd. ,
|c 1992
|
| 300 |
|
|
|a 38p. :
|b ill ;
|c 17cm.
|
| 490 |
0 |
|
|a Wauku bercerita
|
| 650 |
0 |
0 |
|a Children's stories, Malay
|
| 999 |
|
|
|a 03242
|b BUKU
|c PINJAMAN
|e PERPUSTAKAAN KOMUNITI PETALING JAYA
|
| 999 |
|
|
|a 034243
|b BUKU
|c PINJAMAN
|e PERPUSTAKAAN KOMUNITI PETALING JAYA
|
| 999 |
|
|
|a 034245
|b BUKU
|c PINJAMAN
|e PERPUSTAKAAN KOMUNITI PETALING JAYA
|